Industrialización y exportaciones no tradicionales. Opciones estratégicas para una nueva política industrial del Estado frente a la crisis económica en centroamérica /

שמור ב:
מידע ביבליוגרפי
מחבר ראשי: Fuerst Weigand, Edgar
פורמט: Texto
שפה:Spanish
נושאים:
תגים: הוספת תג
אין תגיות, היה/י הראשונ/ה לתייג את הרשומה!

MARC

LEADER 00000 a a2200000 04500
001 43662
003 cru CRAI/IIS
005 20210513115519.0
008 210513b |||||||| |||| 00| 0 spa d
040 |c cru CRAI/IIS 
100 |a Fuerst Weigand, Edgar  
245 1 |a Industrialización y exportaciones no tradicionales. Opciones estratégicas para una nueva política industrial del Estado frente a la crisis económica en centroamérica /  |c Edgar Fuerst Weigand  
500 |a Colección Centroamérica 
650 |a INDUSTRIALIZACION  
650 |a EXPORTACIONES  
650 |a CRISIS MONETARIA  
650 |a AMERICA CENTRAL  
773 |g volumen13, número37 (1984), páginas  
773 0 |0 18875  |9 5321  |a Universidad de Costa Rica.  |d San José, Costa Rica: Universidad de Costa Rica. Consejo Superior Universitario Centroamericano, 1972-  |o 14076  |t Estudios Sociales Centroamericanos /  |x 03039676 
942 |2 ddc  |c PP 
999 |c 24562  |d 24562